000
00300nam a2200109Ia 4500
008
200302s9999 xx 000 0 und d
100
_a
George R. Collins & Other
245
_a
Fantastic Architecture Personal & Eccentric Visions
260
_b
Thames and Hudson Ltd.
260
_c
1980
300
_a
247 P.,
999
_c
2319
_d
2319